| 000 | 00433nam a2200181Ia 4500 | ||
|---|---|---|---|
| 001 | 23214 | ||
| 005 | 20260414150922.0 | ||
| 008 | 260414t1969||||xx |||||||||||||| ||spa|| | ||
| 041 | _aESP | ||
| 082 |
_a627 _bD31 |
||
| 100 |
_aDavis, Calvin Victor _eAUT |
||
| 245 | 0 |
_aHandbook of applied hydraulics _b |
|
| 260 | _c1969 | ||
| 300 |
_avarias paginaciones : _c23 cm. |
||
| 650 | _a0 | ||
| 654 | _aCIC | ||
| 942 |
_cLIB _dJUS _fJUS _2ddc _n |
||
| 999 |
_c23214 _d23214 |
||